header

Extinctions and invasions (Record no. 9022)

MARC details
000 -LEADER
fixed length control field 02878nam a2200421 a 4500
001 - CONTROL NUMBER
control field ebr10695212
003 - CONTROL NUMBER IDENTIFIER
control field CaPaEBR
006 - FIXED-LENGTH DATA ELEMENTS--ADDITIONAL MATERIAL CHARACTERISTICS--GENERAL INFORMATION
fixed length control field m u
007 - PHYSICAL DESCRIPTION FIXED FIELD--GENERAL INFORMATION
fixed length control field cr cn|||||||||
008 - FIXED-LENGTH DATA ELEMENTS--GENERAL INFORMATION
fixed length control field 120517s2010 enkabd sb 001 0 eng d
010 ## - LIBRARY OF CONGRESS CONTROL NUMBER
Canceled/invalid LC control number 2012419310
020 ## - INTERNATIONAL STANDARD BOOK NUMBER
Cancelled/invalid ISBN 9781905119318 (pbk.)
Cancelled/invalid ISBN 1905119313 (pbk.)
Cancelled/invalid ISBN 9781905119790 (e-book)
040 ## - CATALOGING SOURCE
Original cataloging agency CaPaEBR
Transcribing agency CaPaEBR
035 ## - SYSTEM CONTROL NUMBER
System control number (OCoLC)839389157
043 ## - GEOGRAPHIC AREA CODE
Geographic area code e-uk---
050 14 - LIBRARY OF CONGRESS CALL NUMBER
Classification number QL88.15.G7
Item number E98 2010eb
082 04 - DEWEY DECIMAL CLASSIFICATION NUMBER
Classification number 591.941
Edition number 23
245 00 - TITLE STATEMENT
Title Extinctions and invasions
Medium [electronic resource] :
Remainder of title a social history of British fauna /
Statement of responsibility, etc edited by Terry O'Connor and Naomi Sykes.
260 ## - PUBLICATION, DISTRIBUTION, ETC. (IMPRINT)
Place of publication, distribution, etc Oxford :
Name of publisher, distributor, etc Windgather Press ;
Place of publication, distribution, etc Oakville, Conn. :
Name of publisher, distributor, etc [Distributor], David Brown Book Co.,
Date of publication, distribution, etc c2010.
300 ## - PHYSICAL DESCRIPTION
Extent viii, 245 p. :
Other physical details ill. (some col.), maps (some col.)
504 ## - BIBLIOGRAPHY, ETC. NOTE
Bibliography, etc Includes bibliographical references (p. [197]-231) and index.
505 0# - FORMATTED CONTENTS NOTE
Formatted contents note Introduction : the British Fauna in a Changing World / Terry O'Connor -- The Horse / Robin Bendrey -- Donkeys and Mules / Cluny Johnstone -- The Aurochs and Domestic Cattle / Anthony J. Legge -- The Elk / Andrew C. Kitchener -- Red Deer on Scottish Islands / Jacqui Mulville --European Fallow Deer / Naomi Sykes -- The Wild Boar / Umberto Albarella -- The Wolf / Aleksander G. Pluskowski -- The Lynx / David Hetherington -- Wildcats, Domestic and Feral Cats / Terry O'Connor -- The Brown Bear / Andy Hammon -- The European Beaver / Bryony Coles -- The Rabbit / Julie Curl -- The House Mouse / Terry O'Connor -- The Black Rat / Kevin Rielly -- Extinct Birds / Dale Serjeantson -- Bird Introductions / Kristopher Poole -- Freshwater Fish / Alison Locker -- Land and Freshwater Molluscs / Paul Davis -- Insects / Nicki Whitehouse -- Conclusion / Derek W. Yalden.
520 8# - SUMMARY, ETC.
Summary, etc Drawing on new research in the fields of archaeology, ecology and history, this book examines how human society, culture, diet, lifestyles and even whole landscapes were fundamentally shaped by the animal extinctions and introductions that occurred in Britain since the last Ice Age.
533 ## - REPRODUCTION NOTE
Type of reproduction Electronic reproduction.
Place of reproduction Palo Alto, Calif. :
Agency responsible for reproduction ebrary,
Date of reproduction 2013.
Note about reproduction Available via World Wide Web.
-- Access may be limited to ebrary affiliated libraries.
650 #0 - SUBJECT ADDED ENTRY--TOPICAL TERM
Topical term or geographic name as entry element Extinct animals
Geographic subdivision Great Britain
General subdivision History.
Topical term or geographic name as entry element Introduced animals
Geographic subdivision Great Britain
General subdivision History.
Topical term or geographic name as entry element Animal ecology
Geographic subdivision Great Britain.
Topical term or geographic name as entry element Biological invasions
Geographic subdivision Great Britain.
Topical term or geographic name as entry element Human-animal relationships
Geographic subdivision Great Britain.
Topical term or geographic name as entry element Animals
General subdivision Adaptation
Geographic subdivision Great Britain.
655 #7 - INDEX TERM--GENRE/FORM
Genre/form data or focus term Electronic books.
Source of term local
700 1# - ADDED ENTRY--PERSONAL NAME
Personal name O'Connor, T. P.
Fuller form of name (Terence Patrick),
Dates associated with a name 1954-
Personal name Sykes, Naomi Jane.
710 2# - ADDED ENTRY--CORPORATE NAME
Corporate name or jurisdiction name as entry element ebrary, Inc.
856 40 - ELECTRONIC LOCATION AND ACCESS
Uniform Resource Identifier <a href="http://site.ebrary.com/lib/rucke/Doc?id=10695212">http://site.ebrary.com/lib/rucke/Doc?id=10695212</a>
Public note An electronic book accessible through the World Wide Web; click to view

No items available.

© 2026 Rongo University
Contact us: librarian | system librarian | Rongo university